000 00349nam a2200157Ia 4500
001 3185
003 IN-NITTTR
005 20251114232944.0
008 251113s9999||||xx |||||||||||||| ||eng||
040 _beng
040 _cIN-NITTTR
041 _aeng
082 _a625.72 I2S
245 0 _aSpecification for road and bridge works /
942 _2ddc
_cBK
999 _c5344
_d5344